Prénoms féminins les plus populaires en S - Statistiques

Statistiques générales
  • Ce quiz a été pris 660 fois
  • Le résultat moyen est 13 sur 29
Statistiques - réponses
Hint Réponse % Correct
So Sophie
90%
Sy Sylvie
80%
St Stéphanie
78%
Sa Sarah
74%
So Sophia
69%
So Solene
66%
Sa Sandrine
62%
Su Suzanne
60%
Sy Sylvia
59%
Sa Sandra
54%
Sa Sabrina
52%
So Sonia
52%
Sa Sabine
49%
Su Suzie
47%
So Solange
44%
Sa Samantha
43%
Se Severine
43%
St Stella
40%
Si Simone
39%
Sa Salomé
37%
Sy Sylviane
37%
Su Suzette
36%
So Soline
28%
Sy Sylvaine
24%
Sa Sandy
21%
Ségolène
21%
St Stacy
18%
Sa Safia
12%
Si Sixtine
9%
Aucun quiz correspondant
Distribution des résultats
% des personnes avec chaque résultat
Percentile par nombre de réponses
Votre historique - résultats
Vous n’avez pas pris ce quiz